书目信息 |
| 题名: |
化工容器设计
|
|
| 作者: | 王志文 主编 | |
| 分册: | ||
| 出版信息: | 北京 化学工业出版社 1998.05 |
|
| 页数: | 270页 | |
| 开本: | 26cm | |
| 丛书名: | ||
| 单 册: | ||
| 中图分类: | TQ053.202 | |
| 科图分类: | ||
| 主题词: | 化工机械 , 化工设备 | |
| 电子资源: | ||
| ISBN: | 7-5025-2033-3 | |
| 000 | 00570nam0 2200205 45 | |
| 001 | 0459543887 | |
| 005 | 2004042516322285 | |
| 010 | @a7-5025-2033-3@dCNY 27.00 | |
| 100 | @a20040425d1998 km y0chiy0120 ea | |
| 101 | 0 | @achi |
| 102 | @aCN@b110000 | |
| 200 | 1 | @a化工容器设计@AHua Gong Rong Qi She Ji@f王志文主编@Fwang zhi wen zhu bian |
| 210 | @a北京@c化学工业出版社@d1998.05 | |
| 215 | @a270页@d26cm | |
| 606 | 0 | @a化工机械 |
| 606 | 0 | @a化工设备 |
| 690 | @aTQ053.202@v3 | |
| 701 | 0 | @a王志文@Awang zhi wen@4主编 |
| 801 | 0 | @aCN@bPFT@c20040425 |
| 905 | @dTQ053.202@eW460 | |
| 化工容器设计/王志文主编.-北京:化学工业出版社,1998.05 |
| 270页;26cm |
| ISBN 7-5025-2033-3:CNY 27.00 |
| ● |
| 相关链接 |
|
|
|
正题名:化工容器设计
索取号:TQ053.202/W460
 
预约/预借
| 序号 | 登录号 | 条形码 | 馆藏地/架位号 | 状态 | 备注 |
| 1 | 391319 | 203913195 | 自科库501/501自科库 138排6列2层/ [索取号:TQ053.202/W460] | 在馆 | |
| 2 | 391320 | 203913202 | 自科库501/501自科库 138排6列2层/ [索取号:TQ053.202/W460] | 在馆 | |
| 3 | 391321 | 203913211 | 材料与化工学院资料室/ [索取号:TQ053.202/W460] | 在馆 |